Biomedical nanostructures. (Record no. 788796)

MARC details
000 -LEADER
fixed length control field 00962nam a2200289Ia 4500
003 - CONTROL NUMBER IDENTIFIER
control field OSt
005 - DATE AND TIME OF LATEST TRANSACTION
control field 20220928130817.0
008 - FIXED-LENGTH DATA ELEMENTS--GENERAL INFORMATION
fixed length control field 220927b |||||||| |||| 00| 0 eng d
037 ## - SOURCE OF ACQUISITION
Terms of availability Textual
040 ## - CATALOGING SOURCE
Original cataloging agency SDCL
Transcribing agency SDCL
Language of cataloging eng
041 ## - LANGUAGE CODE
Source of code eng
Language code of text/sound track or separate title eng
100 ## - MAIN ENTRY--PERSONAL NAME
Personal name Gonsalves Kenneth E Ed.
9 (RLIN) 476314
245 #0 - TITLE STATEMENT
Title Biomedical nanostructures.
260 ## - PUBLICATION, DISTRIBUTION, ETC.
Place of publication, distribution, etc. New Jersey
Name of publisher, distributor, etc. Wiley
Date of publication, distribution, etc. 2008
300 ## - PHYSICAL DESCRIPTION
Extent xxiii, 507p
Dimensions cm.
650 ## - SUBJECT ADDED ENTRY--TOPICAL TERM
Topical term or geographic name entry element Biochemistry
700 ## - ADDED ENTRY--PERSONAL NAME
Personal name Halberstadt Craig R. Ed.
9 (RLIN) 476315
700 ## - ADDED ENTRY--PERSONAL NAME
Personal name Laurencin Cato T Ed.
9 (RLIN) 476316
700 ## - ADDED ENTRY--PERSONAL NAME
Personal name Nair Lakshmi S Ed.
9 (RLIN) 476317
942 ## - ADDED ENTRY ELEMENTS (KOHA)
Classification part G9 X1, P8
Koha item type Textual
Source of classification or shelving scheme Colon Classification (CC)
Holdings
Withdrawn status Lost status Damaged status Not for loan Home library Current library Date acquired Source of acquisition Cost, normal purchase price Total Checkouts Full call number Barcode Date last seen Cost, replacement price Price effective from Koha item type
        South Campus Library South Campus Library 2022-09-28 18498, 01/02/2010, Shankers Book Agency 6514.20   G9 X1 P8 SC1469285 2022-09-28 6514.20 2022-09-28 Textual
Copyright @ Delhi University Library System